| 000 | 01359nam a22002417a 4500 | ||
|---|---|---|---|
| 999 |
_c56 _d56 |
||
| 003 | OSt | ||
| 005 | 20190325191640.0 | ||
| 008 | 151207b xxu||||| |||| 00| 0 esp d | ||
| 040 |
_cDO-SdBJH _aDO-SdBJH _bspa |
||
| 090 |
_aTG INEGEOFA _b00057 2004 |
||
| 100 | 1 |
_aGonell Regalado, Estanislao _esustentate |
|
| 245 | 1 | 0 |
_aMigración Latino Americana, causas y consecuencias: _bcaso Gran Caribe / _c Estanislao Gonell Regalado, Miguel Ángel Peña y Peña |
| 260 |
_aSanto Domingo : _bINSUDE, _c2004 |
||
| 300 | _a66 hojas | ||
| 502 | _aTrabajo de grado (Estudios Geopolíticos). -- Instituto Superior para la Defensa (INSUDE). Instituto de Estudios Geopolíticos, 2004 | ||
| 504 | _aIncluye referencias bibliográficas e índice | ||
| 505 | _aCaracterísticas e importancia de la geografía en el gran Caribe. -- Conceptos y tipos de movimientos migratorios. -- Enfoque sobre le origen, causas y tipos de migración en el Caribe. -- Consecuencias e impacto de la migración del Caribe. -- Logros en materia de migración en el gran Caribe. VI. Migración Internacional en América Latina y el Caribe. | ||
| 650 | 4 | _aMigración-Gran Caribe | |
| 650 | 4 | _aMigración Latino America | |
| 700 | 1 |
_a Peña y Peña, Miguel Ángel _esustentante |
|
| 830 | _aINSUDE. Instituto de Estudios Geopoliticos. Tesis y disertaciones académicas | ||
| 942 |
_2ddc _cT |
||